| 000 | 00869nam a22002777a 4500 | ||
|---|---|---|---|
| 003 | CHAP | ||
| 005 | 20220329134138.0 | ||
| 008 | 971013s1971 r 00010 d | ||
| 010 | _a16107 | ||
| 011 | _a17079 | ||
| 035 | _a21162 | ||
| 040 | _cCHAP | ||
| 082 |
_a330.18 _bG8 |
||
| 100 | 0 | 0 |
_aGupta, Y. P. _951539 |
| 245 | _aEstatistical estimation of linear economic relationships; distributed lags and simultaneous equations | ||
| 260 |
_aRotterdam : _bRotterdam University, _c1971 |
||
| 300 | _a117 p | ||
| 590 |
_aBATCH-UPD _b10 _c20130110 _lUCH01 _h2104 |
||
| 590 |
_aBATCH-UPD _b10 _c20130410 _lUCH01 _h1416 |
||
| 590 |
_aBATCH-UPD _b10 _c20130914 _lUCH01 _h1257 |
||
| 590 |
_aCONVERSION _b10 _c20130109 _lUCH01 _h1310 |
||
| 650 | 1 | 4 |
_aEconometrÃa. _935201 |
| 901 | _aBK | ||
| 942 | _cLIBRO | ||
| 949 |
_a330.18 G8 _bBC _cLIBRO _d33724000321196 _eLIBRO _h35588 _i21162 _si |
||
| 999 |
_c16107 _d16107 |
||